Co to za piłkarz? - Statystyki

Ogólne statystyki
  • Ten quiz został rozwiązany 264 razy
  • Średni wynik to 4 z 5
Statystyki odpowiedzi
Obrazkowy Odpowiedź % Poprawnych
Lech Poznań
96%
Borussia Dortmund
91%
FC Barcelona
91%
Bayern Monachium
90%
Robert Lewandowski
54%
Nie znaleziono quizów pasujących do podanych kryteriów
Rozkład punktacji
Procent ludzi z każdym wynikiem
Percentyl według liczby udzielonych odpowiedzi
Twoja historia wyników
Nie rozwiązałeś tego quizu